The Management of testicular tumours /

Bibliographic Details
Format: Book
Language:English
Published: London : Edward Arnold ; 1981.
Series:Management of malignant disease series ; 3.
Subjects:

MARC

Tag First Indicator Second Indicator Subfields
LEADER 00000cam a2200000 a 4500
001 in00000536921
005 20151013175357.0
008 820402s1981 enka 00100 eng d
020 |a 0815166575 
035 |a (OCoLC)08300929 
035 |9 ACH5715AM 
040 |a MKC  |c MKC  |d OCL  |d TXA  |d UtOrBLW 
049 |a TXAM  |c [1276972] 
090 |a RC280.T4  |b M36 1981 
096 |a WJ858 .M355 1981 
245 0 4 |a The Management of testicular tumours /  |c edited by Michael Peckham. 
264 1 |a London :  |b Edward Arnold ;  |c 1981. 
264 2 |a Chicago :  |b Distributed by Year Book Medical Publishers, 
300 |a 288 pages :  |b illustrations ;  |c 25 cm. 
336 |a text  |b txt  |2 rdacontent 
337 |a unmediated  |b n  |2 rdamedia 
338 |a volume  |b nc  |2 rdacarrier 
490 1 |a The Management of malignant disease series ;  |v 3 
504 |a Includes bibliographies and index. 
650 0 |a Testis  |x Tumors. 
830 0 |a Management of malignant disease series ;  |v 3. 
999 |a MARS 
999 f f |s 793c09bb-8b45-3fd2-9094-51b31434a5d7  |i bac43e0b-9944-3d08-aee2-fe893af3cd07  |t 0 
952 f f |p ric  |a Texas A&M University  |b Rellis Campus  |c Joint Library Facility  |d Remote Storage  |t 0  |e RC280.T4 M36 1981  |h Library of Congress classification  |i unmediated -- volume  |m A14808853462 
998 f f |a RC280.T4 M36 1981  |t 0  |l Remote Storage